| 000 | 00559nam a2200169 a 4500 | ||
|---|---|---|---|
| 008 | 120416s1995 ||||||||||||||||| || u | ||
| 020 | _a0750623373 | ||
| 050 | _aTK 7871.58.A9 Jon | ||
| 100 | _aJones, Morgan | ||
| 245 | 1 | 0 | _aValve amplifiers |
| 260 |
_aOxford _bNewnes _c1995 |
||
| 350 | _a0.00 | ||
| 650 | 0 | _aELECTRONICS | |
| 650 | _aAUDIO AMPLIFIERS | ||
| 650 | _aAMPLIFIERS, VACUUM--TUBE | ||
| 995 |
_D0.00 _FCBU-MAIN LIBRARY (Kitwe) _H1 _I18.95 _M1 _UAVAILABLE _ZAnnex Low-Usage Collection |
||
| 999 |
_c61240 _d61240 |
||